Numbers in Broadway Songs Quiz Stats

 Plays Quiz Updated Sep 3, 2012

Also try: Family on Broadway
Challenge
Share
Tweet
Embed
Score 0/25 Timer 08:00
2 Plays Today
% Correct
17
90.4%
60
86.9%
525,600
83.2%
1930
82.1%
1
81.8%
1000
81.3%
3
78.7%
20
73.6%
76
71.5%
2
69.2%
33
67.8%
64
60.2%
6
58.3%
% Correct
100
57.4%
19
55.7%
5
51.4%
8
44.6%
7
42.6%
10
40.4%
13
39.9%
958
38.6%
11
32.3%
96,000
29.4%
9
26.9%
7 ½
26.5%

You're not logged in!

Compare scores with friends on all Sporcle quizzes.
Join for Free
OR
Log In

You Might Also Like...

Show Comments

Extras

Top Quizzes Today


Score Distribution

Your Account Isn't Verified!

In order to create a playlist on Sporcle, you need to verify the email address you used during registration. Go to your Sporcle Settings to finish the process.

Report this User

Report this user for behavior that violates our Community Guidelines.

Details: